Central Library OPAC University of Rajshahi

Statistical physics / (Record no. 9423)

MARC details
000 -LEADER
fixed length control field 00979cam a22002892 4500
001 - CONTROL NUMBER
control field 9423
003 - CONTROL NUMBER IDENTIFIER
rucl marc code BD-RjUL
005 - DATE AND TIME OF LATEST TRANSACTION
control field 20211208234757.0
008 - FIXED-LENGTH DATA ELEMENTS--GENERAL INFORMATION
fixed length control field 140121t1971 ne a 001 0 eng
020 ## - INTERNATIONAL STANDARD BOOK NUMBER
International Standard Book Number 0444100997 (American Elsevier)
035 ## - SYSTEM CONTROL NUMBER
System control number (BD-RjUL)9468
040 ## - CATALOGING SOURCE
Original cataloging agency DLC
Transcribing agency DLC
Modifying agency EQO
Language of cataloging eng
041 1# - LANGUAGE CODE
Language code of text/sound track or separate title engrus
082 04 - DEWEY DECIMAL CLASSIFICATION NUMBER
Classification number 530.13
Edition number 16
Author mark and year TES 1971
100 1# - MAIN ENTRY--PERSONAL NAME
Personal name Terlet͡skiĭ, I͡A. P.
Fuller form of name (I͡Akov Petrovich),
Dates associated with a name 1912-
9 (RLIN) 29203
245 00 - TITLE STATEMENT
Title Statistical physics /
Statement of responsibility, etc. [By] Ya. P. Terletskii. Translated from the Russian by Nanny Fröman.
260 ## - PUBLICATION, DISTRIBUTION, ETC. (IMPRINT)
Place of publication, distribution, etc. Amsterdam :
Name of publisher, distributor, etc. North-Holland Pub. Co.,
Date of publication, distribution, etc. c1971.
300 ## - PHYSICAL DESCRIPTION
Pagination xv, 279 p. :
Illustrations diagrs. ;
Size 23 cm.
500 ## - GENERAL NOTE
General note Translation of Statisticheskai͡a fizika.
General note Sole distributors for the U.S.A., American Elsevier, New York.
504 ## - BIBLIOGRAPHY, ETC. NOTE
Bibliography, etc Includes index.
650 #0 - SUBJECT ADDED ENTRY--TOPICAL TERM
Topical term or geographic name as entry element Statistical mechanics.
9 (RLIN) 29204
942 ## - ADDED ENTRY ELEMENTS (KOHA)
Source of classification or shelving scheme Dewey Decimal Classification
Koha item type Books
Holdings
Lost status Source of classification or shelving scheme Damaged status Not for loan Collection code Permanent Location Current Location Shelving location Date acquired Source of acquisition Total Checkouts Full call number Date last seen Copy number Koha item type
  Dewey Decimal Classification   Not For Loan Non-fiction Central Library, University of Rajshahi Central Library, University of Rajshahi Reading Room 13/10/1980 Netherland Gift   530.13 TES 1971 21/01/2014 C-1 Books